000 00551nam a2200181 4500
003 SEACOMMC
005 20250422150728.0
008 241023b |||||||| |||| 00| 0 eng d
020 _a 978-0-07-060175-8
_cRs.279.00
040 _aSEACOMMC
082 _a 621.38153
_bL 511
100 _a Leach Donald P
245 1 _aDigital Principles and Applications
_cDonald P. Leach, Albert Paul Malvino[and]Goutam Saha
250 _a6th ed.
260 _aNew Delhi
_b Tata McGraw Hill
_c2006
650 _a Electronic Digital Computers--Circuits
942 _cBOOK
999 _c689
_d689